Câu văn Nguyễn Ngọc Tư từ góc nhìn phong cách học qua “Gáy người thì lạnh” và “Bánh trái mùa xưa”

Những vấn đề lí luận. Khảo sát các kiểu câu trong “Gáy người thì lạnh” và “Bánh trái mùa xưa” của Nguyễn Ngọc Tư. Tầm tác động của cấu trúc câu văn đối với văn chương Nguyễn Ngọc Tư

Na minha lista:
Detalhes bibliográficos
Autor principal: Nguyễn Thị Mẫn Vy
Outros Autores: Bùi Trọng Ngoãn TS. (Hướng dẫn)
Formato: Livro
Idioma:Vietnamese
Publicado em: Đà Nẵng Đại học Sư phạm, Đại học Đà Nẵng 2013
Assuntos:
Tags: Adicionar Tag
Sem tags, seja o primeiro a adicionar uma tag!
Thư viện lưu trữ: Mạng thư viện Đại học Đà Nẵng
LEADER 01959nam a2200409 4500
001 000018988
003 15423
005 20140313090325.0
008 140225s2013 viesd
041 |a vie 
072 |a VH 
082 1 4 |a 895.92234  |b NG-V 
100 1 |a Nguyễn Thị Mẫn Vy 
245 1 0 |a Câu văn Nguyễn Ngọc Tư từ góc nhìn phong cách học qua “Gáy người thì lạnh” và “Bánh trái mùa xưa”  |c Nguyễn Thị Mẫn Vy ; Bùi Trọng Ngoãn hướng dẫn  |k Khóa luận tốt nghiệp 
260 |a Đà Nẵng  |b Đại học Sư phạm, Đại học Đà Nẵng  |c 2013 
300 |a 73 tr.  |c 29 cm. 
500 |a Khóa luận tốt nghiệp đại học. Chuyên ngành: Cử nhân Văn học 
520 |a Những vấn đề lí luận. Khảo sát các kiểu câu trong “Gáy người thì lạnh” và “Bánh trái mùa xưa” của Nguyễn Ngọc Tư. Tầm tác động của cấu trúc câu văn đối với văn chương Nguyễn Ngọc Tư 
600 1 4 |a Nguyễn Ngọc Tư  |d 1976-  |t Gáy nười thì lạnh 
600 1 4 |a Nguyễn Ngọc Tư  |d 1976-  |t Bánh trái mùa xưa 
650 0 4 |a Truyện ngắn Việt Nam  |v Khóa luận tốt nghiệp  |x Nguyễn Ngọc Tư 
653 |a Khoa Ngữ văn 
653 |a Truyện ngắn Việt Nam 
653 |a Gáy nười thì lạnh 
653 |a Bánh trái mùa xưa 
653 |a Văn học Việt Nam 
700 1 |a Bùi Trọng Ngoãn  |c TS.  |e Hướng dẫn 
OWN |a LSP 
AVA |a UDN50  |b LSP  |d 895.92234 NG-V  |e available  |t Error 5001 Not defined in file expand_doc_bib_avail.  |f 1  |g 0  |h N  |i 0  |k 1 
999 |a From the UDN01 
AVA |a UDN50  |b LSP  |d 895.92234 NG-V  |e available  |t Error 5001 Not defined in file expand_doc_bib_avail.  |f 1  |g 0  |h N  |i 0  |k 1 
TYP |a Monograph 
TYP |a Printed language 
980 |a Mạng thư viện Đại học Đà Nẵng